[Event "87th Argentinean Championship"]
[Site "Villa Martelli, ARG"]
[Date "2013.04.03"]
[Round "1.1"]
[White "Ferrara, Alexis Roberto"]
[Black "Flores, Diego"]
[Result "0-1"]
[WhiteElo "2195"]
[BlackElo "2600"]

1. d4 Nf6 2. Nf3 e6 3. c4 c5 4. d5 exd5 5. cxd5 d6 6. Nc3 g6 7. e4 Bg7 8.
Qa4+ Nbd7 9. Be2 O-O 10. O-O a6 11. Qc2 b5 12. Re1 Re8 13. Bf4 b4 14. Na4 Nxe4
15. Bd3 f5 16. Bxe4 fxe4 17. Rxe4 Rxe4 18. Qxe4 Nf6 19. Qc4 Bd7 20. b3 Bb5 21.
Qc2 Nxd5 22. Bg5 Qf8 23. Rd1 Bxa4 24. Rxd5 Bc6 25. Rd1 Kh8 26. Be3 a5 27.
Ng5 Be5 28. Qc4 Ra7 29. f4 Bg7 30. Qe6 Re7 31. Qxd6 Qe8 32. Qxc5 h6 33. Qxa5
Rd7 34. Rxd7 Qxe3+ 35. Kf1 Bxd7 0-1

[Event "87th Argentinean Championship"]
[Site "Villa Martelli, ARG"]
[Date "2013.04.03"]
[Round "1.2"]
[White "Mareco, Sandro"]
[Black "Pineiro, Dario"]
[Result "1/2-1/2"]
[WhiteElo "2580"]
[BlackElo "2194"]

1. d4 e6 2. Nf3 c5 3. e4 cxd4 4. Nxd4 a6 5. Bd3 Bc5 6. Nb3 Ba7 7. O-O Nc6 8.
c4 Nf6 9. Qe2 Qc7 10. Na3 Ne5 11. Bf4 d6 12. Rac1 O-O 13. Bg3 Qe7 14. Bb1 Nc6
15. Kh1 e5 16. Bh4 Be6 17. f4 exf4 18. Rxf4 Ne5 19. Rxf6 gxf6 20. Rf1 Kg7
21. Qd2 Ng6 22. Bxf6+ Qxf6 23. Rxf6 Kxf6 24. Nd4 Bxd4 25. Qxd4+ Ne5 26. Nc2 Ke7
27. Ne3 Rfc8 28. Bd3 b5 29. b3 bxc4 30. Bxc4 Nxc4 31. bxc4 Rc5 32. h3 Rb8
33. Kh2 Rb4 34. Qd2 a5 35. Qf2 Bxc4 36. Nf5+ Ke6 37. Qd4 Bd5 38. exd5+ Kxf5 39.
Qg7 Rxd5 40. Qxf7+ Ke5 41. Qxh7 Rdd4 42. Qh5+ Ke4 43. Qxa5 d5 44. a3 Ra4 45.
Qe1+ Kd3 46. g4 Kc2 47. Kg3 Rxa3+ 48. Kh4 Rdd3 49. Qe2+ Kc1 50. Qf1+ Kc2 51.
g5 Rxh3+ 52. Qxh3 1/2-1/2

[Event "87th Argentinean Championship"]
[Site "Villa Martelli, ARG"]
[Date "2013.04.03"]
[Round "1.4"]
[White "Lorenzini, Martin"]
[Black "Fiori, Hector Dionisio"]
[Result "1-0"]
[WhiteElo "2488"]
[BlackElo "2171"]

1. e4 c6 2. d3 d5 3. Nd2 e5 4. Ngf3 Bd6 5. d4 Qe7 6. Qe2 Nf6 7. dxe5 Bxe5 8.
exd5 Bd6 9. Nc4 O-O 10. Qxe7 Bxe7 11. d6 Bd8 12. Be2 b5 13. Nce5 Ne4 14. Bf4
Ba5+ 15. Kf1 Bb6 16. a4 Nxf2 17. a5 Bc5 18. b4 f6 19. Nxc6 Nxh1 20. Ne7+ Kh8
21. bxc5 Nd7 22. c6 Ne5 23. Kg1 Nf2 24. Kxf2 g5 25. Bxe5 fxe5 26. Ke3 Rf6 27.
Nxc8 1-0

[Event "87th Argentinean Championship"]
[Site "Villa Martelli, ARG"]
[Date "2013.04.03"]
[Round "1.5"]
[White "Villarreal, Hector"]
[Black "Perez Ponsa, Federico"]
[Result "0-1"]
[WhiteElo "2169"]
[BlackElo "2476"]

1. Nf3 Nf6 2. g3 g6 3. Bg2 Bg7 4. O-O O-O 5. c4 d6 6. Nc3 e5 7. d3 a5 8. Rb1
h6 9. a3 Re8 10. Nd2 c6 11. b4 axb4 12. axb4 Be6 13. b5 d5 14. bxc6 bxc6 15.
Qc2 Nbd7 16. cxd5 cxd5 17. Nb5 Qa5 18. Nd6 Reb8 19. Rxb8+ Rxb8 20. e4 Qa6 21.
exd5 Nxd5 22. N2c4 Nb4 23. Qe2 Nc5 24. Bb2 Nbxd3 25. Ra1 Rxb2 26. Qxb2 Nxb2
27. Rxa6 Nxc4 28. Ra8+ Bf8 29. Ne8 Nb6 30. Nf6+ Kg7 31. Ne8+ Kh8 32. Ra7 Nbd7
33. Bc6 f5 34. h4 h5 35. Nc7 Bf7 36. Nb5 Be6 37. Nc7 Bg8 38. Ne8 Nb6 39. Ra5
Bf7 40. Nc7 Kg7 41. Ra7 Nbd7 42. Nb5 Nf6 43. Nc7 Kh6 44. Ra8 Bg7 45. Ra7 e4
46. Nb5 Bg8 47. Nd6 Nd3 48. Ra8 Be6 49. Ra7 Bf8 50. Nf7+ Bxf7 51. Rxf7 Bg7
52. Bb5 Ne5 53. Ra7 Bf8 54. Ra6 Nfg4 55. Be8 Bc5 56. Ra2 Nxf2 {Tiempo} 0-1

[Event "87th Argentinean Championship"]
[Site "Villa Martelli, ARG"]
[Date "2013.04.03"]
[Round "1.6"]
[White "Iermito, Sebastian"]
[Black "Fiori, Alberto Nicolas"]
[Result "1-0"]
[WhiteElo "2463"]
[BlackElo "2128"]

1. e4 c5 2. Nf3 d6 3. d4 cxd4 4. Nxd4 Nf6 5. Nc3 e6 6. Be2 Be7 7. O-O O-O 8.
Be3 Nc6 9. f4 e5 10. Nxc6 bxc6 11. Kh1 exf4 12. Bxf4 Be6 13. Qd3 Ng4 14. b3
Ne5 15. Qd2 Kh8 16. Rad1 Qa5 17. Qe3 Rad8 18. Rd4 Rd7 19. Ra4 Qb6 20. Ra6 Qb7
21. Bxe5 dxe5 22. Na4 Bg4 23. Ra5 Bxe2 24. Qxe2 f6 25. Nb2 Rfd8 26. Nc4 Rd4
27. h3 Bb4 28. Ra4 Bd2 29. Nxe5 Rxa4 30. bxa4 Bc3 31. Nf3 Qf7 32. Rd1 Rxd1+
33. Qxd1 h5 34. Qd8+ Kh7 35. Qd3 Be5 36. a3 Qa2 37. Kg1 Qb1+ 38. Kf2 Qb2 39. a5
Qc1 40. a6 Qf4 41. Qe3 Qg3+ 42. Kf1 Qg6 43. Qxa7 Qe8 44. Qc5 Qd7 45. Ke2 Bb8
46. Qf5+ Qxf5 47. exf5 Ba7 48. Kd3 1-0

[Event "87th Argentinean Championship"]
[Site "Villa Martelli, ARG"]
[Date "2013.04.03"]
[Round "1.7"]
[White "Mayo, Raul"]
[Black "Real De Azua, Ernesto"]
[Result "0-1"]
[WhiteElo "2112"]
[BlackElo "2450"]

1. c4 Nf6 2. Nc3 g6 3. e4 d6 4. d4 Bg7 5. Nf3 O-O 6. Be2 Na6 7. O-O e5 8. Re1
c6 9. Rb1 Qe8 10. dxe5 dxe5 11. b4 Bg4 12. b5 Nc5 13. Ba3 Ncxe4 14. Nxe4
Nxe4 15. Bxf8 Qxf8 16. Qc2 Nc5 17. Nxe5 Bf5 18. Bd3 Nxd3 19. Nxd3 Rd8 20. Rb3 c5
21. Qe2 Qd6 22. Nb2 h5 23. Re3 Bd4 24. Re8+ Rxe8 25. Qxe8+ Kg7 26. Nd1 Be6
27. Qa8 Qb6 28. Ne3 Qa5 29. Rf1 Bxe3 30. fxe3 Bxc4 31. Rd1 Be2 32. Qd8 Qa3 33.
Re1 Qxe3+ 34. Kh1 Qc3 35. Rg1 Bxb5 36. Qe7 Bc6 37. Re1 Qd2 38. Qe5+ Kg8 39.
Qe2 Qxe2 40. Rxe2 Kf8 41. Kg1 Bd7 42. h4 b6 43. Kf2 Be6 44. Ke3 Ke7 45. Rd2
b5 46. a3 a5 47. Rd1 Bb3 48. Rd2 Be6 49. g3 b4 50. axb4 axb4 51. Ke2 Kf6 52.
Rd8 Kf5 53. Rb8 Ke4 54. Rb5 Bc4+ 0-1

[Event "87th Argentinean Championship"]
[Site "Villa Martelli, ARG"]
[Date "2013.04.03"]
[Round "1.9"]
[White "Arguinariz, Enrique"]
[Black "Diaz Hollemaert, Nahuel"]
[Result "0-1"]
[WhiteElo "2082"]
[BlackElo "2418"]

1. d4 Nf6 2. c4 e6 3. Nf3 b6 4. g3 Ba6 5. Qc2 c5 6. Bg2 Nc6 7. dxc5 Bxc5 8.
a3 Bb7 9. O-O Rc8 10. Nc3 O-O 11. Rd1 Be7 12. Bf4 Na5 13. b3 d5 14. Qb2 Qe8
15. cxd5 Nxd5 16. Nxd5 Bxd5 17. Nd4 Bxg2 18. Kxg2 Qd7 19. Nf3 Qb5 20. b4 Bf6
21. Qa2 Bxa1 22. bxa5 Bf6 23. axb6 axb6 24. Rb1 Qa6 25. Qb3 Rc3 26. Qxb6 Qxe2
27. Be3 h6 28. a4 Qa2 29. a5 Rxe3 0-1

[Event "87th Argentinean Championship"]
[Site "Villa Martelli, ARG"]
[Date "2013.04.03"]
[Round "1.10"]
[White "Dolezal, Cristian"]
[Black "Paternoste, Martin"]
[Result "1-0"]
[WhiteElo "2415"]
[BlackElo "2076"]

1. Nf3 Nf6 2. c4 e6 3. b3 b6 4. g3 Bb7 5. Bg2 c5 6. Bb2 Be7 7. O-O O-O 8. e3
d6 9. Nc3 a6 10. Qe2 Qc7 11. Rac1 Nbd7 12. d3 Rac8 13. e4 Rfe8 14. Ne1 Qb8
15. f4 g6 16. Nd1 d5 17. g4 dxe4 18. dxe4 Qa8 19. Nf2 Nb8 20. g5 Nfd7 21. Ng4
Nc6 22. Nc2 b5 23. h4 bxc4 24. Nh6+ Kf8 25. f5 exf5 26. Rxf5 gxf5 27. Qh5 Nde5
28. Nxf5 Kg8 29. Nh6+ Kf8 30. Rf1 f6 31. gxf6 Bd6 32. Nf5 Re6 33. Nxd6 Rxd6
34. Qxh7 Rc7 35. Qh8+ Kf7 36. Qg7+ Ke8 37. Qg8+ 1-0

[Event "87th Argentinean Championship"]
[Site "Villa Martelli, ARG"]
[Date "2013.04.03"]
[Round "1.11"]
[White "Mansilla, Martin"]
[Black "Liascovich, Lucas Agustin"]
[Result "0-1"]
[WhiteElo "2071"]
[BlackElo "2410"]

1. c4 e5 2. Nc3 Nf6 3. Nf3 Nc6 4. g3 d5 5. cxd5 Nxd5 6. Bg2 Nb6 7. O-O Be7 8.
a3 f6 9. b4 Bg4 10. h3 Be6 11. d3 Qd7 12. Kh2 a5 13. b5 Nd4 14. Nd2 Nd5 15.
Nxd5 Bxd5 16. Bxd5 Qxd5 17. a4 O-O-O 18. b6 c6 19. e4 Qd7 20. Nc4 Bb4 21. Ba3
Ne6 22. Bxb4 axb4 23. Qb3 Ng5 24. d4 Qxh3+ 25. Kg1 Rxd4 0-1

[Event "87th Argentinean Championship"]
[Site "Villa Martelli, ARG"]
[Date "2013.04.03"]
[Round "1.12"]
[White "Villanueva, Mario"]
[Black "Montoro, Gustavo E."]
[Result "1-0"]
[WhiteElo "2379"]
[BlackElo "2050"]

1. e4 e6 2. d4 d5 3. Nd2 Nf6 4. e5 Nfd7 5. Bd3 c5 6. c3 Nc6 7. Ne2 f6 8. Nf4
Qe7 9. Nf3 cxd4 10. cxd4 Nb6 11. O-O Bd7 12. exf6 gxf6 13. Re1 O-O-O 14. a4
Qf7 15. a5 Na8 16. a6 b6 17. Nxe6 Bxe6 18. Qc2 Kc7 19. Bb5 Bd7 20. Bf4+ Bd6
21. Bxd6+ Kxd6 22. Qd2 Be8 23. Qf4+ Kd7 24. Rac1 Rc8 25. Rxc6 Rxc6 26. Rc1 Ke7
27. Bxc6 Bxc6 28. Rxc6 Rd8 29. h3 b5 30. Nh4 1-0

[Event "87th Argentinean Championship"]
[Site "Villa Martelli, ARG"]
[Date "2013.04.03"]
[Round "1.13"]
[White "Lopez Rebert, Pablo"]
[Black "Krysa, Leandro Sergio"]
[Result "0-1"]
[WhiteElo "2049"]
[BlackElo "2378"]

1. e4 c5 2. c3 Nf6 3. e5 Nd5 4. d4 e6 5. Nf3 cxd4 6. cxd4 d6 7. exd6 Qxd6 8.
Nc3 Be7 9. Bd3 O-O 10. Bb1 Nf6 11. Qd3 Nc6 12. a3 Rd8 13. Nb5 Qb8 14. Bg5 g6
15. Bh4 Nh5 16. Bg3 Nxg3 17. hxg3 Bf6 18. Qe3 Bg7 19. Ng5 Nxd4 20. Nxd4 Bxd4
21. Qe2 Qe5 22. Qxe5 Bxe5 23. Ra2 h5 24. Be4 Bd7 25. Bxb7 Rab8 26. Ba6 Ba4
27. Bc4 Rd1+ 0-1

[Event "87th Argentinean Championship"]
[Site "Villa Martelli, ARG"]
[Date "2013.04.03"]
[Round "1.14"]
[White "Julia, Ernesto"]
[Black "Franco, Gaston Nicolas"]
[Result "1-0"]
[WhiteElo "2374"]
[BlackElo "2042"]

1. Nf3 Nf6 2. g3 g6 3. Bg2 Bg7 4. c4 O-O 5. O-O d6 6. Nc3 c6 7. d3 Nbd7 8.
Rb1 e5 9. b4 d5 10. Nd2 d4 11. Na4 Rb8 12. Ba3 Qc7 13. c5 Re8 14. b5 cxb5 15.
Rxb5 a6 16. Rb1 b5 17. cxb6 Nxb6 18. Nxb6 Rxb6 19. Rxb6 Qxb6 20. Nc4 Qe6 21.
Qa4 Bd7 22. Qa5 Bb5 23. Nd6 Qxa2 24. Nxe8 Nxe8 25. Re1 Qe6 26. Qb4 Bh6 27. Qc5
Qf5 28. Be4 Qg4 29. Qxe5 Bd2 30. Qc5 1-0

[Event "87th Argentinean Championship"]
[Site "Villa Martelli, ARG"]
[Date "2013.04.03"]
[Round "1.15"]
[White "Galleto, Ricardo Ruben"]
[Black "Mahia, Gustavo"]
[Result "0-1"]
[WhiteElo "2014"]
[BlackElo "2371"]

1. e4 c6 2. d4 d5 3. e5 Bf5 4. g4 Be4 5. f3 Bg6 6. h4 h5 7. Bd3 Bxd3 8. Qxd3
e6 9. g5 Ne7 10. Ne2 Nd7 11. Be3 c5 12. c3 Qb6 13. b3 Nf5 14. Bf2 Rc8 15. O-O
Be7 16. Nd2 cxd4 17. cxd4 O-O 18. Rfc1 Ba3 19. Rc2 Qa6 20. Qxa6 bxa6 21.
Rxc8 Rxc8 22. Nf4 Bb2 23. Rd1 Bxd4 24. Nxh5 Nxe5 25. f4 Ng4 26. Bxd4 Nxd4 27.
Ng3 Rc2 28. Ngf1 Rxa2 29. h5 Ne2+ 30. Kg2 Nxf4+ 31. Kf3 Nd3 0-1

[Event "87th Argentinean Championship"]
[Site "Villa Martelli, ARG"]
[Date "2013.04.03"]
[Round "1.16"]
[White "Lujan, Carolina"]
[Black "Lopez, Sebastian"]
[Result "1-0"]
[WhiteElo "2366"]
[BlackElo "2013"]

1. e4 c6 2. Nf3 d5 3. exd5 cxd5 4. Ne5 e6 5. Bb5+ Bd7 6. Nxd7 Nxd7 7. d4 Ngf6
8. O-O Be7 9. c3 O-O 10. Bf4 Rc8 11. Nd2 Qb6 12. Qa4 Rfd8 13. Rab1 Nf8 14.
Bd3 Ne8 15. Qd1 Ng6 16. Be3 Qa5 17. a3 b5 18. Nf3 a6 19. Ng5 Bxg5 20. Bxg5 Rd7
21. Qh5 Nf8 22. Rbe1 Qb6 23. f4 Nd6 24. Rf3 f5 25. Rh3 a5 26. Qh4 Re8 27.
Ree3 b4 28. axb4 axb4 29. Qe1 bxc3 30. bxc3 Ra7 31. Bh4 Ra5 32. Qd2 Ra1+ 33.
Re1 Rea8 34. Rxa1 Rxa1+ 35. Be1 Qb3 36. Re3 Qa3 37. h3 Ra2 38. Qd1 Ra1 39. Qd2
Qb3 40. Kh2 Ra2 41. Qc1 Qb8 42. Bg3 Qb3 43. Qe1 Ne4 44. c4 Ra3 45. Rf3 Qb2
46. Bxe4 fxe4 47. Rxa3 Qxa3 48. c5 Qa4 49. Qc3 Qc6 50. Bf2 Ng6 51. Be3 Ne7 52.
Qb3 Kf7 53. Qa3 Qb5 54. Qc3 Nc6 55. Qe1 Qd3 56. Qf2 g6 57. g4 Kg7 58. h4 Qd1
59. Kg3 Qd3 60. Kh2 Qd1 61. Kg3 Nb4 62. Bd2 Qb3+ 63. Kh2 Nd3 64. Qe3 Qd1 65.
Kg3 Qc2 66. f5 exf5 67. gxf5 Nb2 68. Qh6+ Kg8 69. fxg6 Qd3+ 70. Be3 hxg6 71.
Qxg6+ Kf8 72. Qh6+ Kg8 73. c6 Nc4 74. c7 Nd6 75. Qg6+ Kh8 76. Qxd6 Qxe3+ 77.
Kg4 Qf3+ 78. Kg5 Qg2+ 79. Kf6 Qg7+ 80. Ke6 Qg8+ 81. Kd7 Qf7+ 82. Kc6 Qe8+ 83.
Qd7 Qa8+ 84. Kb6 1-0

[Event "87th Argentinean Championship"]
[Site "Villa Martelli, ARG"]
[Date "2013.04.03"]
[Round "1.17"]
[White "Radoszta, Armando E."]
[Black "Giardelli, Sergio C."]
[Result "0-1"]
[WhiteElo "1998"]
[BlackElo "2346"]

1. e4 c5 2. Nf3 e6 3. d4 cxd4 4. Nxd4 a6 5. Nc3 Qc7 6. Be2 Nf6 7. a3 Be7 8.
O-O O-O 9. Kh1 Nc6 10. f4 d6 11. Be3 Bd7 12. Bd3 Rfe8 13. Qf3 Rac8 14. Rae1 e5
15. Nxc6 Bxc6 16. fxe5 dxe5 17. Nd5 Bxd5 18. exd5 e4 19. Bxe4 Nxe4 20. Qxe4
Bxa3 21. Qd4 Bd6 22. Qa4 Qxc2 23. Qd7 Qc7 24. Qg4 g6 25. Rc1 Qd8 26. Qf3 f5
27. Rcd1 Qh4 28. Bg1 Rc2 29. Rd4 Re4 30. Qb3 Rce2 31. Rd3 Qg4 32. g3 Qh3 33.
Rc1 Qg2# 0-1

[Event "87th Argentinean Championship"]
[Site "Villa Martelli, ARG"]
[Date "2013.04.03"]
[Round "1.18"]
[White "Fabian, Gaston"]
[Black "Maldonado, Marcos"]
[Result "1-0"]
[WhiteElo "2336"]
[BlackElo "1991"]

1. Nf3 c5 2. c4 Nc6 3. Nc3 g6 4. e3 Nf6 5. d4 cxd4 6. exd4 d5 7. cxd5 Nxd5 8.
Qb3 Nxc3 9. Bc4 e6 10. bxc3 Bd7 11. Bd3 Na5 12. Qc2 Qc7 13. Ne5 Rc8 14. Bd2
Bg7 15. O-O O-O 16. Rfe1 Nc6 17. Nxd7 Qxd7 18. Qb3 Qc7 19. h4 Na5 20. Qd1 Nc4
21. Bxc4 Qxc4 22. h5 Qd5 23. h6 Bf6 24. Qg4 Rfe8 25. Re3 Rc4 26. Rf3 Bxd4
27. cxd4 Rxd4 28. Qg5 Qxg5 29. Bxg5 f5 30. Rc3 Rg4 31. f4 e5 32. Re1 Kf8 33.
Bf6 Rxf4 34. Rc7 e4 35. Rxh7 Re6 36. Rd1 1-0

[Event "87th Argentinean Championship"]
[Site "Villa Martelli, ARG"]
[Date "2013.04.03"]
[Round "1.19"]
[White "Tomas Falcon, Jesus"]
[Black "Pichot, Alan"]
[Result "0-1"]
[WhiteElo "1896"]
[BlackElo "2327"]

1. c4 Nf6 2. Nc3 g6 3. d4 Bg7 4. e4 d6 5. Be2 O-O 6. Bg5 c5 7. Nf3 h6 8. Be3
Ng4 9. Bf4 cxd4 10. Nxd4 Qb6 11. Bxg4 Bxg4 12. Qxg4 Qxb2 13. Rc1 Bxd4 14. Nd5
Qxf2+ 15. Kd1 Qxa2 16. Nxe7+ Kh7 17. Qh3 Bg7 18. g4 Re8 19. Nd5 Rxe4 20. Rc2
Rd4+ 21. Bd2 Qa1+ 22. Rc1 Qa4+ 23. Rc2 Rxc4 24. Ne3 Rxc2 25. Nxc2 Nc6 26.
Kc1 Rc8 27. Bxh6 Bxh6+ 28. g5 Ne7 0-1

[Event "87th Argentinean Championship"]
[Site "Villa Martelli, ARG"]
[Date "2013.04.03"]
[Round "1.20"]
[White "Della Morte, German"]
[Black "Rivero, Raul Omar"]
[Result "0-1"]
[WhiteElo "2318"]
[BlackElo "1892"]

1. e4 g6 2. d4 Bg7 3. Nc3 d6 4. Be3 a6 5. Nf3 Nd7 6. Qd2 b5 7. Bd3 c5 8. a4
b4 9. Ne2 Bb7 10. Ng3 h6 11. c3 a5 12. O-O Rc8 13. Bb5 Ngf6 14. dxc5 bxc3 15.
Qxc3 O-O 16. Qa3 Nxc5 17. e5 Nd5 18. Rfd1 Nxe3 19. fxe3 Bxf3 20. gxf3 Bxe5
21. f4 Bg7 22. Rac1 Qb6 23. b4 axb4 24. Qa2 Ra8 25. Qc2 b3 26. Qc4 b2 27. Rb1
Rfc8 28. f5 Nxa4 29. Qg4 Qxb5 30. fxg6 fxg6 31. Qxg6 Qg5 32. Qe6+ Kh8 33. Rf1
Nc5 34. Qh3 Ne4 0-1

[Event "87th Argentinean Championship"]
[Site "Villa Martelli, ARG"]
[Date "2013.04.04"]
[Round "2.1"]
[White "Flores, Diego"]
[Black "Julia, Ernesto"]
[Result "1-0"]
[WhiteElo "2600"]
[BlackElo "2374"]

1. c4 e5 2. e3 Nf6 3. a3 c6 4. Nf3 e4 5. Nd4 g6 6. d3 exd3 7. Bxd3 Bg7 8. O-O
d6 9. Nc3 O-O 10. b4 c5 11. Nb3 Nc6 12. bxc5 dxc5 13. Nxc5 Ng4 14. N5a4 Qh4
15. h3 Nge5 16. Be4 Bg4 17. Qe1 Nf3+ 18. gxf3 Bxh3 19. f4 Qg4+ 20. Kh2 Rfe8
21. Rg1 Qh5 22. Rg5 Qh4 23. Bg2 Ne5 24. Rxe5 Bf5+ 25. Kg1 Rxe5 26. fxe5 Bxe5
27. Bb2 Qh2+ 28. Kf1 Bh3 29. Bxh3 Qxh3+ 30. Ke2 Qg4+ 31. Kd3 Rd8+ 32. Kc2 Qxc4
33. Qe2 Qc8 34. Rd1 Rxd1 35. Kxd1 a6 36. Nd5 Qd8 37. Ke1 1-0

[Event "87th Argentinean Championship"]
[Site "Villa Martelli, ARG"]
[Date "2013.04.04"]
[Round "2.2"]
[White "Valerga, Diego"]
[Black "Mahia, Gustavo"]
[Result "1-0"]
[WhiteElo "2502"]
[BlackElo "2371"]

1. d4 Nf6 2. c4 e6 3. Nc3 Bb4 4. Nf3 O-O 5. Bg5 h6 6. Bh4 c5 7. d5 b5 8. e4
g5 9. Nxg5 Nxe4 10. Ngxe4 Qxh4 11. Qf3 f5 12. Nd6 bxc4 13. dxe6 Nc6 14. Bxc4
Kh7 15. O-O Rb8 16. Nxc8 Ne5 17. Qe2 Nxc4 18. exd7 Ba5 19. g3 Qg4 20. Qe7+ Qg7
21. Qxg7+ Kxg7 22. Na4 Bb6 23. Rad1 Rd8 24. Ne7 Rb7 25. Nxf5+ Kf6 26. Nxh6
Rbxd7 27. Ng4+ Kf5 28. Ne3+ Nxe3 29. fxe3+ Ke4 30. Rxd7 Rxd7 31. Kg2 Kxe3 32.
Rf3+ Ke4 33. h4 c4 34. Nxb6 axb6 35. g4 b5 36. a3 1-0

[Event "87th Argentinean Championship"]
[Site "Villa Martelli, ARG"]
[Date "2013.04.04"]
[Round "2.3"]
[White "Giardelli, Sergio C."]
[Black "Lorenzini, Martin"]
[Result "1/2-1/2"]
[WhiteElo "2346"]
[BlackElo "2488"]

1. c4 Nf6 2. Nf3 e6 3. g3 d5 4. Bg2 dxc4 5. Qa4+ c6 6. Qxc4 b5 7. Qc2 Bb7 8.
d4 Nbd7 9. O-O c5 10. Bg5 Rc8 11. Qb3 a6 12. Nbd2 Be7 13. a4 Qb6 14. axb5
axb5 15. Ne5 Bxg2 16. Kxg2 cxd4 17. Nxd7 Nxd7 18. Bxe7 Kxe7 19. Qb4+ Qc5 20.
Qxc5+ Rxc5 21. Nb3 Rc4 22. Ra7 Rd8 23. Rd1 e5 24. Na5 Rc2 25. b4 Rdc8 26. e3 Rb2
27. exd4 Rcc2 28. dxe5 Rxf2+ 29. Kh3 Rxh2+ 30. Kg4 Rhd2 31. Nc6+ Ke6 32.
Nd8+ Ke7 33. Nc6+ Ke6 34. Nd8+ Ke7 1/2-1/2

[Event "87th Argentinean Championship"]
[Site "Villa Martelli, ARG"]
[Date "2013.04.04"]
[Round "2.4"]
[White "Perez Ponsa, Federico"]
[Black "Lujan, Carolina"]
[Result "1/2-1/2"]
[WhiteElo "2476"]
[BlackElo "2366"]

1. e4 c5 2. Nc3 Nc6 3. Bb5 e6 4. Bxc6 bxc6 5. d3 d6 6. f4 Ne7 7. Nf3 Ng6 8.
O-O Be7 9. Qe1 O-O 10. Kh1 f5 11. e5 d5 12. Na4 c4 13. d4 Rb8 14. c3 Qa5 15.
Qd1 Re8 16. Rf2 h6 17. b4 Qc7 18. Be3 Bd7 19. Qc2 a5 20. a3 Ra8 21. Nc5 Nh4
22. Rg1 axb4 23. axb4 Ra7 24. Nxh4 Bxh4 25. g3 Be7 26. g4 Bxc5 27. gxf5 exf5
28. dxc5 Be6 29. Bd4 Rea8 30. Qd1 1/2-1/2

[Event "87th Argentinean Championship"]
[Site "Villa Martelli, ARG"]
[Date "2013.04.04"]
[Round "2.5"]
[White "Pichot, Alan"]
[Black "Iermito, Sebastian"]
[Result "1-0"]
[WhiteElo "2327"]
[BlackElo "2463"]

1. e4 c5 2. Nf3 e6 3. d4 cxd4 4. Nxd4 a6 5. Bd3 Nf6 6. O-O Qc7 7. c4 Nc6 8.
Nxc6 dxc6 9. Nc3 Bc5 10. Kh1 e5 11. f4 Ng4 12. Qf3 Bd7 13. fxe5 Be6 14. Qg3
O-O-O 15. Nd5 cxd5 16. cxd5 Kb8 17. Be2 Nf2+ 18. Rxf2 Bxf2 19. Qxf2 Qc2 20. Be3
Bd7 21. Qf3 Qxb2 22. Qf1 Bb5 23. Bxb5 Qxb5 24. Qxf7 Rdf8 25. Qe6 Re8 26.
Qd6+ Ka8 27. e6 Rhf8 28. e7 Rg8 29. a4 Qb2 30. Rc1 g5 31. Qc5 b6 32. Qc6+ Kb8
33. Qc7+ Ka8 34. Bxb6 Rxe7 35. Qxe7 Qxc1+ 36. Bg1 Kb8 37. Qa7+ Kc8 38. Qa8+ 1-0

[Event "87th Argentinean Championship"]
[Site "Villa Martelli, ARG"]
[Date "2013.04.04"]
[Round "2.6"]
[White "Real De Azua, Ernesto"]
[Black "Fabian, Gaston"]
[Result "0-1"]
[WhiteElo "2450"]
[BlackElo "2336"]

1. Nf3 d5 2. d4 Nf6 3. c4 c6 4. Nc3 e6 5. Bg5 Nbd7 6. e3 Qa5 7. cxd5 Nxd5 8.
Qd2 Bb4 9. Rc1 h6 10. Bh4 c5 11. a3 Bxc3 12. bxc3 b6 13. c4 Qxd2+ 14. Kxd2
Ne7 15. Bd3 Bb7 16. Rhd1 f5 17. Bg3 Bxf3 18. gxf3 g5 19. f4 g4 20. Ke2 h5 21.
f3 cxd4 22. exd4 Kf7 23. Bf2 Rac8 24. a4 Ng6 25. Ke3 Nf6 26. Rb1 Rhd8 27. a5
Rd6 28. Rb5 Rcd8 29. Be2 gxf3 30. Bxf3 Ng4+ 31. Bxg4 hxg4 32. Bg3 Ne7 33. axb6
axb6 34. Rd3 Rc8 35. Rb4 Rdc6 36. d5 exd5 37. cxd5 Rd6 38. Kd2 Rc5 39. Bf2
Rcxd5 40. Rxd5 Nxd5 41. Rd4 Ke6 42. Rd3 Rd7 43. Kc1 Rc7+ 44. Kb2 Rc4 45. Rb3
Rxf4 46. Bxb6 Nxb6 47. Rxb6+ Ke5 48. Rh6 Rf2+ 49. Kc3 Ke4 50. Rh4 Kf3 51. Kd4
Ra2 0-1

[Event "87th Argentinean Championship"]
[Site "Villa Martelli, ARG"]
[Date "2013.04.04"]
[Round "2.7"]
[White "Cuevas, Alex"]
[Black "Slipak, Sergio"]
[Result "0-1"]
[WhiteElo "2298"]
[BlackElo "2438"]

1. b3 c5 2. Bb2 Nc6 3. Nf3 d5 4. e3 e6 5. d4 Nf6 6. Bd3 cxd4 7. exd4 Bb4+ 8.
c3 Be7 9. O-O O-O 10. Nbd2 a5 11. a3 b6 12. Qe2 Bb7 13. c4 g6 14. Rfe1 Re8
15. Rad1 Bf8 16. Ne5 Rc8 17. Nxc6 Bxc6 18. Nf3 a4 19. Ne5 axb3 20. Nxc6 Rxc6
21. c5 Rc8 22. Bb5 Re7 23. Qf3 Ra7 24. a4 bxc5 25. dxc5 Bg7 26. Bd4 Ne8 27. Qc3
Qa5 28. Bxg7 Nxg7 29. Qxa5 Rxa5 30. c6 Nf5 31. Rd3 Ne7 32. Rc3 Ra7 33. Rb1
Rac7 34. Rbxb3 Nxc6 35. Ba6 Nd4 36. Bxc8 Ne2+ 37. Kf1 Nxc3 38. Rb8 Kg7 39. a5
d4 40. Ke1 Rc5 41. a6 Ra5 42. Kd2 e5 43. Kd3 Ra3 44. Kc4 Ne4 45. Kd5 Nxf2 46.
Kxe5 Ra4 47. a7 Rxa7 48. Kxd4 Re7 49. Rb2 Ne4 50. Bb7 Nd6 51. Bd5 h5 52. Kd3
Nf5 53. Rb7 Rxb7 54. Bxb7 Kf6 55. Ke2 Ke5 56. Kf2 g5 57. h3 Kf4 58. Bd5 f6
59. Bf7 h4 60. Bd5 Nd6 61. Bf3 f5 62. Kg1 Kg3 63. Be2 f4 64. Bg4 Nc4 65. Bd7
Nd2 66. Bg4 f3 67. gxf3 Nxf3+ 68. Kh1 Ne1 69. Bf5 Ng2 70. Bc8 Nf4 71. Ba6 Nxh3
72. Bc8 Nf2+ 73. Kg1 h3 74. Bb7 h2+ 75. Kf1 h1=Q+ 0-1

[Event "87th Argentinean Championship"]
[Site "Villa Martelli, ARG"]
[Date "2013.04.04"]
[Round "2.8"]
[White "Diaz Hollemaert, Nahuel"]
[Black "Perez, Maximiliano"]
[Result "1-0"]
[WhiteElo "2418"]
[BlackElo "2298"]

1. d4 Nf6 2. c4 g6 3. Nc3 Bg7 4. g3 O-O 5. Bg2 d6 6. Nf3 Nbd7 7. O-O e5 8. e3
Re8 9. b3 Nf8 10. h3 h5 11. dxe5 N6d7 12. Bb2 dxe5 13. Qc2 Ne6 14. Rad1 f5
15. Nh4 Qf6 16. Nd5 Qf7 17. g4 hxg4 18. hxg4 e4 19. Bxg7 Kxg7 20. Qb2+ Kh7 21.
f3 exf3 22. gxf5 gxf5 23. Rxf3 Ng5 24. Rxf5 Qh5 25. Nf3 Rg8 26. Nxg5+ Rxg5
27. Rxg5 Qxg5 28. Qc2+ Kg8 29. Qe4 Ne5 30. Qf4 Qxf4 31. exf4 Bg4 32. Nf6+ Kf7
33. Nxg4 Nxg4 34. Rd7+ Kf6 35. Bxb7 Re8 36. Bf3 Re1+ 37. Kg2 Kf5 38. Rd5+ 1-0

[Event "87th Argentinean Championship"]
[Site "Villa Martelli, ARG"]
[Date "2013.04.04"]
[Round "2.9"]
[White "Bielicki, Carlos"]
[Black "Dolezal, Cristian"]
[Result "1/2-1/2"]
[WhiteElo "2297"]
[BlackElo "2415"]

1. Nf3 c5 2. c4 g6 3. Nc3 Bg7 4. g3 Nc6 5. Bg2 Nh6 6. O-O O-O 7. d3 d6 8. a3
Bd7 9. Bd2 Rb8 10. Rb1 b6 11. b4 Nf5 12. b5 Ncd4 13. Ne1 Ne6 14. a4 Bc8 15.
Nd5 Nc7 16. Nc2 e6 17. Nxc7 Qxc7 18. Ne3 Nxe3 19. Bxe3 Bb7 20. Rc1 Bxg2 21.
Kxg2 a6 22. Qb3 Ra8 23. Rfd1 axb5 24. axb5 Ra7 25. d4 Rfa8 26. dxc5 dxc5 27.
Qd3 Qb7+ 28. Kg1 h5 29. Qd6 Ra2 30. Rd2 R2a4 31. Qf4 Ra1 32. Rdd1 Rxc1 33. Rxc1
e5 34. Qf3 e4 35. Qf4 Rd8 36. Rc2 Rd1+ 37. Kg2 Qa8 38. Rc1 Rd7 39. Rc2 Kh7
40. h3 Qe8 41. g4 hxg4 42. hxg4 Qe6 43. g5 Rd1 44. Qh4+ Kg8 45. Qg3 Be5 46.
Bf4 Bxf4 47. Qxf4 Rd4 48. Rc3 e3 49. Qb8+ Kg7 50. Rxe3 Qg4+ 51. Rg3 Qxe2 52.
Qxb6 Qe4+ 53. Rf3 Qg4+ 54. Rg3 Qe4+ 1/2-1/2

[Event "87th Argentinean Championship"]
[Site "Villa Martelli, ARG"]
[Date "2013.04.04"]
[Round "2.10"]
[White "Liascovich, Lucas Agustin"]
[Black "Barrionuevo, Pablo"]
[Result "1/2-1/2"]
[WhiteElo "2410"]
[BlackElo "2269"]

1. Nf3 d5 2. c4 e6 3. b3 Nf6 4. Bb2 Be7 5. e3 O-O 6. Be2 c5 7. O-O Nc6 8. d4
Ne4 9. cxd5 exd5 10. dxc5 Bxc5 11. Nc3 Be6 12. Rc1 Be7 13. Nb5 Rc8 14. Nfd4
Qd7 15. Nxe6 Qxe6 16. Bd3 Bg5 17. Bxe4 dxe4 18. Qd6 Qg4 19. Qd1 Qe6 20. Qd6
Qg4 21. Qd1 Qe6 1/2-1/2